Szczegóły MARC21

Upodobanie Theodora Fontane do czarownic i fragment jego prozy Sydonia von Borcke = Theodor Fontanes Gefallen an "Hexenhaften Wesen" und sein Fragment Sidonie von Borcke /

003 -Nazwa inst., której nr kontr. jest w polu 001 [,]
    • @
    • Nazwa instytucji, której n kontrolny jest w polu 001
    • NUKAT
005 -DATA I CZAS OSTATNIEJ MODYFIKACJI [,]
    • @
    • pole kontrolne
    • 20250721173520.0
020 -Międzynarod. znormalizowany nr książki - ISBN [ , ]
    • a
    • Numer ISBN
    • 9788361096887 Find
040 -Instytucja sporządzająca opis [ , ]
    • a
    • Instytucja, która sporządziła opis (NP)
    • SZCZ M/HS
    • b
    • Język katalogowania
    • pol
    • e
    • Zasady katalogowania
    • rda
    • c
    • Instytucja, która sporządziła rekord (NP)
    • SZCZ M/HS
    • d
    • Instytucja, która zmodyfikowała rekord (P)
    • TOR U/AKrs
    • d
    • Instytucja, która zmodyfikowała rekord (P)
    • SZCZ U/JSs
041 -Język dokumentu [1, ]
    • a
    • Język tekstu (P)
    • polski
    • a
    • Język tekstu (P)
    • niemiecki
    • h
    • Język tekstu oryginalnego i/lub pośredniego (P)
    • niemiecki
942 -Rodzaj dokumentu [ , ]
    • c
    • Rodzaj dokumentu
    • Książka
100 -Hasło główne - nazwa osobowa [1, ]
    • a
    • Nazwa osobowa (NP)
    • Vahlefeld, Elsbeth
    • d
    • Daty biograficzne (NP)
    • (1937- ).
    • e
    • Rodzaj współpracy
    • Autor
    • 9
    • KHW
    • 595819
245 -Strefa tytułu i oznaczenia odpowiedzialności [1,0]
    • a
    • Tytuł
    • Upodobanie Theodora Fontane do czarownic i fragment jego prozy Sydonia von Borcke = Find
    • b
    • Ciąg dalszy tytułu (NP)
    • Theodor Fontanes Gefallen an "Hexenhaften Wesen" und sein Fragment Sidonie von Borcke / Find
    • c
    • Pozostałe elementy strefy tytułu i oznaczenia odpowiedzialności (NP)
    • Elsbeth Vahlefeld ; ilustracje: Andrzej Maciejewski ; tłumaczył: Przemysław Jackowski.
246 -Wariant tytułu [3,1]
    • a
    • Tytuł (NP)
    • Theodor Fontanes Gefallen an "Hexenhaften Wesen" und sein Fragment Sidonie von Borcke
260 -Strefa adresu wydawniczego [ , ]
    • a
    • Miejsce wydania (P)
    • Marianowo :
    • b
    • Nazwa wydawcy (P)
    • Sydonia - Stowarzyszenie na rzecz Ochrony Dziedzictwa Marianowa,
    • c
    • Data wydania (P)
    • [2011?].
300 -Strefa opisu fizycznego [ , ]
    • a
    • Określenie formy książki i/lub objętość (NP)
    • 56 stron :
    • b
    • Oznaczenie ilustracji (NP)
    • ilustracje kolorowe ;
    • c
    • Format (NP)
    • 21 cm.
336 -Typ zawartości [ , ]
    • a
    • Termin opisujący typ zawartości
    • Tekst
    • b
    • Kod określający zawartość
    • txt
    • 2
    • Źródło (terminu i kodu)
    • rdacontent
337 -Typ mediów [ , ]
    • a
    • Tryb odtwarzania
    • Bez urządzenia pośredniczącego
    • b
    • Kod typu mediów
    • n
    • 2
    • Źródło (terminu i kodu)
    • rdamedia
338 -Typ/rodzaj nośnika [ , ]
    • a
    • Hasło opisujące typ nośnika
    • Wolumin
    • b
    • Kod typu nośnika
    • nc
    • 2
    • Źródło (terminu i kodu)
    • rdacarrier
500 -Uwaga ogólna [ , ]
    • a
    • Uwaga ogólna (NP)
    • Publikacja wydana z okazji sympozjum poświęconego Theodorowi Fontane, które odbyło się 6 maja 2011 r. w klasztorze w Marianowie.
510 -Uwaga dot. cytaty bibliograficznej [3, ]
    • a
    • Nazwa źródła
    • Data wydania na podstawie daty sympozjum.
546 -Uwaga dot. języka [ , ]
    • a
    • Uwaga dot. języka
    • Tekst polski i przekład niemiecki.
600 -Hasło przedmiotowe w formie nazwy osobowej [1,7]
    • a
    • Nazwa osobowa
    • Fontane, Theodor
    • d
    • Daty związane z nazwą
    • (1819-1898)
    • v
    • Określnik formalny
    • konferencje.
    • 2
    • Źródło terminu
    • kaba
    • 9
    • KHW
    • 516299
600 -Hasło przedmiotowe w formie nazwy osobowej [1,7]
    • a
    • Nazwa osobowa
    • Fontane, Theodor
    • d
    • Daty związane z nazwą
    • (1819-1898)
    • x
    • Określnik rzeczowy
    • krytyka i interpretacja.
    • 2
    • Źródło terminu
    • kaba
    • 9
    • KHW
    • 352591
700 -Hasło dodatkowe - nazwa osobowa [1, ]
    • a
    • Nazwa osobowa (NP)
    • Maciejewski, Andrzej Find
    • d
    • Daty biograficzne (NP)
    • (1939- ).
    • e
    • Określenie rodzaju współpracy
    • Ilustracje
    • 9
    • KHW
    • 243144
700 -Hasło dodatkowe - nazwa osobowa [1, ]
    • a
    • Nazwa osobowa (NP)
    • Jackowski, Przemysław. Find
    • e
    • Określenie rodzaju współpracy
    • Tłumaczenie
    • 9
    • KHW
    • 401380
710 -Hasło dodatkowe - nazwa ciała zbiorowego [2, ]
    • a
    • Nazwa ciała zbiorowego lub nazwa geograficzna jako pierwszy element (NP)
    • Sydonia Stowarzyszenie na rzecz Ochrony Dziedzictwa Marianowa.
    • e
    • Rodzaj współpracy
    • Wydawca
    • 4
    • Kod relacji
    • pbl
    • 9
    • KHW
    • 596954
920 -ISBN [ , ]
    • a
    • ISBN
    • 978-83-61096-88-7 Find
Numer inwentarzowy Data inwentaryzacji Sygnatura Status udost. Lokalizacja
BJM.1022021-05-31Germ. Literaturozn. - Fontane 26-3BM